000 00908nam a22002897i 4500
003 EG-GICUC
005 20260204204442.0
008 260204s2002 fr ||||fr|||| 000 0 fre d
020 _a2901626548
040 _aEG-GiCUC
_bfre
_cEG-GiCUC
_dEG-GiCUC
_eRda
082 0 4 _221
_a341.851
_bMO . C
092 0 4 _221
099 _aLaw1 12 341.851 MO . C 2002
100 1 _aMourre, Alexis
_eAuteur
245 1 4 _aLes Cahiers De L'arbitrage /
_cAlexis Mourre.
264 1 _aparis :
_bCabinet Castaldi Mourre Sprague,
_c2002.
300 _a416page :
_billustration ;
_c 24 cm.
336 _2rda contenu
_a texte
337 _2rda medias
_aOrdinateur
338 _2 transporteur rda
_a Ressource en ligne
546 _aTexte en français
650 1 4 _aDroit international privé
_2
651 1 _2
856 4 0 _uhttps://fll.law.cu.edu.eg/fulltext/bks/B12-02649.pdf
905 _a50
942 _2ddc
_cBK
_e21
_n0
999 _c61155
_d61155